Execuȯ̂ por quantia certa contra devedor solvente

Detalles Bibliográficos
Autor principal: Abelha Rodrigues, Marcelo
Formato: eBook
Lenguaje:portugués
Publicado: Indaiatuba: Editora Foco, 2021
Materias:
Acceso en línea:Acceso restringido

MARC

LEADER 00000nam a22000007a 4500
005 20220425231015.0
007 cr|||| ||||
008 220425s2021 br |||||s|||| 00||0 por d
020 |a 978-65-5515-325-5 
035 |a 36217 
040 |a vLex 
090 |c 13236  |d 13236 
100 1 |a Abelha Rodrigues, Marcelo 
245 1 0 |a Execuȯ̂ por quantia certa contra devedor solvente  |h [Recurso electrn̤ico] /  |c Marcelo Abelha Rodrigues 
256 |a Servicio en ln̕ea 
260 |a Indaiatuba:  |b Editora Foco,  |c 2021 
300 |a 1 recurso electrn̤ico 
506 1 |a Disponible solo en los productos indicados  |d vLex Global  |d vLex Global (Academic Edition, excluding Law Schools)  |d vLex Global (U.S. Academic Edition, Law Schools)  |d vLex Global (U.S. Academic Edition, excluding Law Schools)  |d vLex Global (Academic Edition, Law Schools) 
650 0 4 |a Derecho Civil  |z Brasil 
740 0 |a vLex Libros (Servicio en ln̕ea) 
856 4 0 |u https://app.vlex.com/#/sources/36217  |z Acceso restringido 
942 |c BOOK 
999 0 |a Civil Law